• 首页
  • 本馆介绍
  • 公告通知
  • 最新文献
  • 馆藏检索
  • 电子资源
  • 读者导购
  • 参考咨询
  • 我的图书馆
  • 登录
  • 详细信息显示
  • 放入我的书架
  • 预约/预借图书
  • 作者相关作品
  • 分类相关作品
  • 丛书相关作品
  • 出版社相关作品

书目信息

  • 表格格式
  • 工作单格式
  • 卡片格式
题名:
常用药物知识
    
 
作者: 张家铨 编
分册:  
出版信息: 上海   上海科学技术出版社  1982
页数: 199页
开本: 19cm
丛书名: 卫生知识丛书
单 册:
中图分类: R969.3 , R97
科图分类:
主题词: 临床药学--基本知识 , 药物 , 药物--汇编
电子资源:
ISBN:
000 00708oam2 2200277 450
001 1561402389
005 20150130170403.15
010    @dCNY0.47
091    @a14119.1085
100    @a19961007d1981 em y0chiy0110 ea
101 0  @achi
102    @aCN@b310000
105    @ay z 000yy
200 1  @a常用药物知识@9chang yong yao wu zhi shi@f张家铨编
210    @a上海@c上海科学技术出版社@d1982
215    @a199页@d19cm
225 2  @a卫生知识丛书
461  0 @12001 @a卫生知识丛书
606 0  @a临床药学@x基本知识
606 0  @a药物
606 0  @a药物@x汇编
690    @aR969.3@v5
690    @aR97@v4
701  0 @a张家铨@9zhang jia quan@4编
801  0 @aCN@bTSSF@c20150130
905    @aZUCC@dR97@eJY50
    
    常用药物知识/张家铨编.-上海:上海科学技术出版社,1982
    199页;19cm.-(卫生知识丛书)
    
    
    ISBN :CNY0.47
    
●
相关链接 在E读中查询图书 在五车中查询图书 在当当中查询图书 在豆瓣中查询图书


正题名:常用药物知识     索取号:R97/JY50         预约/预借

序号 登录号 条形码 馆藏地/架位号 状态 备注
1 7862556   278625560   学院路分馆/ [索取号:R97/JY50] 在馆    
2 7862557   278625579   学院路分馆/ [索取号:R97/JY50] 在馆    
唐山师范学院图书馆 欢迎您!
大连网信软件有限公司© 版权所有